| 000 | 00736cam a22002533a 4500 | ||
|---|---|---|---|
| 001 | 972 | ||
| 003 | PGUSA | ||
| 005 | 20140828082955.0 | ||
| 008 | 970701s1997||||xxu|||||s|||||000 | eng d | ||
| 040 |
_aPGUSA _beng |
||
| 042 | _adc | ||
| 050 | 4 | _aPS | |
| 100 | 1 |
_aBierce, Ambrose, _d1842-1913 |
|
| 245 | 1 | 4 |
_aThe Devil's Dictionary _h[electronic resource] / _cAmbrose Bierce |
| 260 |
_bProject Gutenberg, _c1997 |
||
| 506 | _aPublic domain in the USA. | ||
| 516 | _aElectronic text | ||
| 653 | _aVocabulary -- Humor | ||
| 653 | _aEnglish language -- Dictionaries -- Humor | ||
| 653 | _aEnglish language -- Semantics -- Humor | ||
| 830 | 0 |
_aProject Gutenberg _v972 |
|
| 856 | 4 | 0 | _uhttp://www.gutenberg.org/ebooks/972 |
| 942 | _cEB | ||
| 999 |
_c230323 _d230323 |
||